000
00206 a2200097 4500
001
6879
100
_a
Geyelin, P
245
_a
Lyndon B Johnson & th World
260
_a
_b
Pall Mall
_c
090
_c
5685
_d
5685
942
_a
NUST-CAE
_c
M
_c
32139
999
_c
241952
_d
241952